Nemzeti kulturpolitikánk [!kultúrpolitikánk] írta Somogyi. Budapest, Lampel. ára 30 kr : [könyvismertetés] /

Elmentve itt :
Bibliográfiai részletek
Szerző: Balogh Péter
További közreműködők: Somogyi Gyula
Dokumentumtípus: Cikk
Megjelent: 1897
Sorozat:Magyar pedagógia : a Magyar Tudományos Akadémia Pedagógiai Bizottságának folyóirata 6
Kulcsszavak:Kultúrpolitika magyar, Kultúrpolitika
Online Access:http://misc.bibl.u-szeged.hu/7269
LEADER 00776nab a2200193 i 4500
001 misc7269
005 20191106144225.0
008 170607s1897 hu o 0|| hun d
022 |a 0025-0260 
040 |a SZTE Miscellanea Repozitórium  |b hun 
041 |a hun 
100 1 |a Balogh Péter 
245 1 0 |a Nemzeti kulturpolitikánk [!kultúrpolitikánk]   |h [elektronikus dokumentum] :  |b írta Somogyi. Budapest, Lampel. ára 30 kr : [könyvismertetés] /  |c  Balogh Péter 
260 |c 1897 
300 |a 111-112 
490 0 |a Magyar pedagógia : a Magyar Tudományos Akadémia Pedagógiai Bizottságának folyóirata  |v 6 
695 |a Kultúrpolitika magyar, Kultúrpolitika 
700 0 1 |a Somogyi Gyula 
856 4 0 |u http://misc.bibl.u-szeged.hu/7269/1/mp_1897_0428_111-112.pdf  |z Dokumentum-elérés